Veřejné investice.

Ťažkosti s vymedzením verejných investícií. Konštituovanie kategórií verejného sektora, verejných investícií a formy ich financovania v súčasných podmienkach. Zdroje pre verejné investície. Úloha investícií vo verejných výdavkoch. Možnosť stimulácie hospodárskeho rastu prostredníctvom verejných inve...

Ausführliche Beschreibung

Gespeichert in:
Bibliographische Detailangaben
1. Verfasser: Nešvera, Václav
Format: Buchkapitel
Sprache:Tschechisch
Schlagworte:
Tags: Tag hinzufügen
Keine Tags, Fügen Sie das erste Tag hinzu!

MARC

LEADER 00000naa a2200000 4500
001 r009557
005 20220831090559.0
041 0 |a cze 
044 |a [CS] 
245 1 0 |a Veřejné investice.  |c Václav Nešvera 
520 |a Ťažkosti s vymedzením verejných investícií. Konštituovanie kategórií verejného sektora, verejných investícií a formy ich financovania v súčasných podmienkach. Zdroje pre verejné investície. Úloha investícií vo verejných výdavkoch. Možnosť stimulácie hospodárskeho rastu prostredníctvom verejných investícií. Dôležitosť zachovať pri financovaní verejných investícií hospodársku rovnováhu a nezosilňovať inflačné tlaky. Aktuálne dôvody pre povzbudenie verejných investícií. 
610 2 0 |a investície 
610 2 0 |a sektor verejný 
610 2 0 |a financovanie investícií 
610 2 0 |a zdroje investičné 
610 2 0 |a výdavky 
610 2 0 |a stimulovanie ekonomické 
610 2 0 |a rast hospodársky 
610 2 0 |a rovnováha hospodárska 
610 2 0 |a infraštruktúra 
610 2 0 |a transformácia 
100 1 |a Nešvera, Václav